000 00327 a2200121 4500
082 _a658
090 _c5059
_d5059
100 _aPeter F. Drucker
245 _aManagement
_bTasks Responsibilities Practices
_cPeter F. Drucker
260 _aNew Delhi, india
_bAllide Publishers
_c1996
300 _a839
942 _aNBS
_cBK
_k658 DRU
999 _c347483
_d347483